1. FC Union Berlin Kader 2023/2024 - Statistiken

Allgemein
  • Dieses Quiz wurde 78 mal gespielt
  • Das Durchschnittsergebnis liegt bei 17 aus 24
Antwortstatistiken
Hint Antwort % Korrekt
1 - TW - Dänemark Frederik Rønnow
94%
28 - RV - Österreich Christopher Trimmel
92%
6 - LM - Deutschland Robin Gosens
85%
10 - ST - Deutschland Kevin Volland
82%
33 - DM - Tschechien Alex Král
81%
7 - OM - Vereinigte Staaten Brenden Aaronson
81%
4 - IV - Portugal Diogo Leite
81%
13 - ZM - Ungarn András Schäfer
79%
5 - IV - Niederlande Danilho Doekhi
79%
18 - RV - Kroatien Josip Juranovic
79%
8 - DM - Deutschland Rani Khedira
77%
31 - IV - Deutschland Robin Knoche
77%
26 - LV - Frankreich Jérôme Roussillon
76%
29 - DM - Frankreich Lucas Tousart
76%
20 - ZM - Tunesien Aïssa Laïdouni
71%
16 - ST - Deutschland Benedict Hollerbach
66%
19 - ZM - Deutschland Janik Haberer
66%
12 - TW - Dänemark Jakob Busk
63%
14 - ST - Belgien Yorbe Vertessen
60%
37 - TW - Deutschland Alexander Schwolow
56%
3 - IV - Deutschland Paul Jaeckel
55%
11 - ST - Elfenbeinküste Chris Bedia
50%
9 - ST - Dänemark Mikkel Kaufmann
48%
2 - IV - Deutschland Kevin Voigt
21%
Keine übereinstimmenden Quizze gefunden
Verteilung der Resultate
Anzahl Personen mit jedem Resultat
Perzentil nach korrekt beantworteten Fragen
Ihre Resultats-Entwicklung
Sie haben dieses Quiz noch nicht gespielt